| 000 | 00748pam a2200277 a 4500 | ||
|---|---|---|---|
| 999 |
_c5549 _d5549 |
||
| 001 | 5549 | ||
| 003 | BD-JhCC | ||
| 005 | 20180404102150.0 | ||
| 008 | 860204s1986 ilua 001 0 eng | ||
| 020 | _a0830411259 | ||
| 035 | _a(BD-JhCC)5549 | ||
| 040 |
_aDLC _cDLC _dDLC |
||
| 041 | _aeng | ||
| 050 | 0 | 0 |
_aQA152.2 _b.S688 1986 |
| 082 | 0 | 0 |
_a512/.13 _219 _bSTE 1986 |
| 100 | 1 | _aStein, Robert G. | |
| 245 | 1 | 0 |
_aFundamentals of college algebra with trigonometry / _cRobert G. Stein. |
| 260 |
_aChicago : _bNelson-Hall, _cc1986. |
||
| 300 |
_axv, 504 p. : _bill. ; _c27 cm. |
||
| 440 | 0 | _aNelson-Hall series in mathematics | |
| 500 | _aIncludes index. | ||
| 650 | 0 | _aAlgebra. | |
| 650 | 0 | _aTrigonometry. | |
| 942 |
_2ddc _cBK |
||